000 00394nam a2200133Ia 4500
008 220217s9999||||xx |||||||||||||| ||und||
020 _a81-7319-663-X
082 _a511.6 DUB
100 _aDube, Rakesh. Pandey, Adesh and Gupta, Ritu
245 0 _aDiscrete structures and automata theory
260 _aNarosa publishing house
_bNew Delhi
_c2007
300 _b295
650 _aMATHEMATICS
999 _c174544
_d174544